000 00393pab a2200157 454500
008 180718b2008 xxu||||| |||| 00| 0 eng d
100 _aFlessas, Tatiana
245 _aThe repatriation debate and the discourse of the commons
260 _c2008
300 _ap.387-405.
362 _aSep
650 _aCommon markets
773 _aSocial and Legal Studies
908 _aN
909 _a80115
999 _c80115
_d80115